000 00492nam a2200121Ia 4500
008 220620s9999||||xx |||||||||||||| ||und||
100 _aIngrid Muenstermann
245 0 _aPeople's Movements in the 21st Century - Risks, Challenges and Benefits
546 _aEnglish[eng]
650 _aSocial Sciences||Immigration||Social Sciences and Humanities||Human Migration
856 _uhttps://www.intechopen.com/books/people-s-movements-in-the-21st-century-risks-challenges-and-benefits
942 _cEB
999 _c26734
_d26734